Score 0/39 Timer 04:00
2 Plays Today
Clue 4-Letter Word % Correct
Hair on a lionMANE
92.9%
1.61 kilometresMILE
92.7%
Russell Crowe's 'A Beautiful ____'MIND
92.1%
Underground explosiveMINE
91.5%
Great LakeERIE
91.4%
Moneyball's PittBRAD
91.3%
Jazz pianist Nat KingCOLE
90.8%
Not wildTAME
90.7%
French CheeseBRIE
90.5%
Vatican bigwigPOPE
90.1%
Repair something brokenMEND
90%
Christmas present adhesiveTAPE
90%
Rosary componentBEAD
90%
Austin travels through this•TIME•
89.4%
Sinister sidekick ____-Me•MINI•
89.3%
Australian actress BlanchettCATE
88.9%
Cod, Town or VerdeCAPE
88.6%
Star and Creator Myers•MIKE•
88.2%
Handle problemsCOPE
87.3%
Trig or CalcMATH
86.9%
Clue 4-Letter Word % Correct
Life partner; captain's assistantMATE
86.8%
Number Three's ironic occupation•MOLE•
86.6%
Pedi's partnerMANI
86.3%
Crystal ____METH
85%
Raised racehorsesBRED
84.6%
Rework textEDIT
83.6%
Invisible wall makerMIME
82.2%
Nurse Jackie star FalcoEDIE
82%
Sharks' laser beam locale •HEAD•
81.8%
Paired with bag or cleanerPIPE
80.3%
Heavy spearPIKE
79.3%
Middle-Earth villageBREE
78.9%
Started a golf holeTEED
78.5%
Scott portrayer Green•SETH•
78.2%
Mix drinksTEND
77.8%
Be mindful ofHEED
77.7%
Antagonist Dr. _____•EVIL•
77.3%
To dischargeEMIT
64.3%
Law & Order psychiatrist SkodaEMIL
56.3%

Today's Daily Dose

Remove Ads.
Support Sporcle.
Get the best of Sporcle when you Go Orange. This ad-free experience offers more features, more stats, and more fun while also helping to support Sporcle. Thank you for becoming a member.

You're not logged in!

Compare scores with friends on all Sporcle quizzes.
OR
Log In

Show Comments

Extras

Top Quizzes Today


Score Distribution

Your Account Isn't Verified!

In order to create a playlist on Sporcle, you need to verify the email address you used during registration. Go to your Sporcle Settings to finish the process.

Report this User

Report this user for behavior that violates our Community Guidelines.

Details: